Countries that can fit inside Pennsylvania - Statistics

General Stats
  • This quiz has been taken 61 times
  • The average score is 37 of 61
Answer Stats
Answer % Correct
Luxembourg
88%
Vatican City
85%
San Marino
83%
Liechtenstein
81%
Andorra
77%
Singapore
75%
Kosovo
73%
Qatar
73%
Bahrain
71%
Barbados
67%
Lebanon
67%
Monaco
67%
Nauru
67%
Belgium
65%
Brunei
65%
Comoros
65%
Israel
65%
Jamaica
65%
Montenegro
65%
Netherlands
65%
Palau
65%
Saint Kitts and Nevis
65%
Saint Vincent and the Grenadines
65%
Samoa
65%
Slovenia
65%
Albania
63%
Antigua and Barbuda
63%
Belize
63%
Bhutan
63%
Cyprus
63%
El Salvador
63%
Eswatini
63%
Haiti
63%
Lesotho
63%
Dominica
60%
Kuwait
60%
Saint Lucia
60%
Tonga
60%
Trinidad and Tobago
60%
East Timor
58%
Malta
58%
Tuvalu
58%
Gambia
56%
Grenada
56%
North Macedonia
54%
Rwanda
54%
Burundi
52%
Sao Tome and Principe
52%
Switzerland
52%
Taiwan
52%
Costa Rica
50%
Slovakia
50%
Armenia
48%
Estonia
48%
Mauritius
48%
Moldova
48%
Sri Lanka
48%
Bosnia and Herzegovina
44%
Equatorial Guinea
42%
Djibouti
38%
Guinea Bissau
38%
No matching quizzes found
Score Distribution
Percent of People with Each Score
Percentile by Number Answered
Your Score History
You have not taken this quiz